| 000 | 00374nam a2200145Ia 4500 | ||
|---|---|---|---|
| 008 | 221030s9999 xx 000 0 und d | ||
| 041 | _aEnglish | ||
| 100 | _aR. Dharan | ||
| 245 | 0 |
_aSelection & Appointment of Supreme Court Judge _cby R. Dharan, A. Jacob |
|
| 260 |
_bN. M. Tripathi _aBombay _c1978 |
||
| 300 | _a125 | ||
| 650 | _aLaw | ||
| 700 | _aA. Jacob | ||
| 942 | _cBK | ||
| 999 |
_c19023 _d19023 |
||